000 01334nam0a2200349 4500
001 RU\NLR\BIBL_A\012666826
005 20220224140413.0
010 _a978-5-04-122251-2
_bИронический детектив Дарьи Калининой
010 _a978-5-04-122356-4
_bСмешные детективы Н. Александровой
_93000
021 _aRU
_bКН-П-21-056580
_9КН-П-21-4428
035 _a(NLR Aleph) 012666826
090 _a12773020
_c12773020
100 _a20211216d2021 u y0rusy50 ca
101 0 _arus
102 _aRU
105 _ay|||z|||000ay
181 0 _ai
_baxxe
182 0 _an
200 1 _aПонедельник начинается в июне
_fДарья Калинина
203 _aТекст
_bвизуальный
_cнепосредственный
210 _aМосква
_cЭксмо
_d2021
215 _a318 с.
_d16
225 1 _aИронический детектив
_fред. Е. Ирмеш
320 _aДр. произведения авт.: с. 1-2
333 _a16+
686 2 _aШ6(2=Р)8-446
700 1 _aКалинина
_bД. А.
_gДарья Александровна
_3RU\NLR\AUTH\7747406
942 _cBOOK
980 _aNB